000 00574nam a22001937a 4500
999 _c15732
_d15732
003 AR-CdUCM
008 190427b ||||| |||| 00| 0 spa d
040 _aMUNICIPALIDAD PROVINCIAL DEL CUSCO
_cBIBLIOTECA MUNICIPAL DEL CUSCO
082 _aEP / 9.1 /
_bS71
110 _aUNICEF
_99438
245 _aI Sipascha :
_b1°, 2° ñiqikunapaq /
260 _aLima :
_bUnicef,
_c2007.
300 _a16 páginas ;
_c25 cm.
_bIlustraciones,
650 _aLectura
_92069
650 _aLengua quechua
_97426
650 _aPerú
_935
942 _2ddc
_cLIBROS
945 _arum1
_d2019-04-29